| 000 | 004690000a22001930004500 | ||
|---|---|---|---|
| 001 | 002771 | ||
| 003 | MACL | ||
| 005 | 20151119162913.0 | ||
| 008 | 151119b xxu||||| |||| 00| 0 eng d | ||
| 040 |
_aMACL _cMACL |
||
| 041 | _aEnglish | ||
| 082 | _a726/BIS | ||
| 100 |
_aBiswas, S.S. _97270 |
||
| 245 |
_aTerracotta Temples of Bengal _cS.S. Biswas |
||
| 260 |
_aFriendship Publishers, _c1995 |
||
| 350 | _a950 | ||
| 650 |
_aArchitecture _9259 |
||
| 942 |
_k726 _cBK _2ddc |
||
| 999 |
_c14680 _d14680 |
||